00513nam a2200145Ia 4500008004100000041000800041082002000049100001400069245004500083260004500128300003200173365001200205999001500217952013500232240624s9999 xx 000 0 und d aeng a338.5024658 DOB aDOBBS IAN aMANAGERIAL ECONOMICS FIRMS MARKETS AND B c2000aNew DelhibOxford University press axvii, , 493 , 25 : p. : cm. cBPSb30 c7305d7305 00104070aIMTNbIMTNcRack 10-Bd2007-11-13eIBHg38.99n1475o338.5024658 DOBp7305r2024-06-24 00:00:00t81.75w2024-06-24yBK